Stadtbahnhaltestellen in Hannover - Statistiken

Allgemein
  • Dieses Quiz wurde 999 mal gespielt
    997 seit der letzten Aktualisierung
  • Das Durchschnittsergebnis liegt bei 141 aus 310
Antwortstatistiken
% Korrekt
Kröpcke
95%
Hauptbahnhof
92%
Hauptbahnhof/ZOB
86%
Hauptbahnhof/Rosenstraße
85%
Steintor
82%
Aegidientorplatz
80%
Messe/Nord
77%
Langenhagen
76%
Laatzen
73%
Langenhagen/Zentrum
71%
Waterloo
70%
Zoo
70%
Wettbergen
69%
Laatzen/Zentrum
68%
Misburg
68%
Garbsen
67%
Langenhagen/Angerstraße
67%
Langenhagen/Kurt-Schumacher-Allee
67%
Langenhagen/Langenforther Platz
67%
Messe/Ost (EXPO-Plaza)
67%
Laatzen/aquaLaatzium
66%
Laatzen/Birkenstraße
66%
Laatzen/Krankenhaus
66%
Laatzen/Park der Sinne
66%
Laatzen/Eichstraße (Bahnhof)
65%
Laatzen/Neuer Schlag
65%
Empelde
64%
Laatzen/Ginsterweg
64%
Laatzen/Rethener Winkel
64%
Lister Platz
64%
Rethen/Nord
64%
Stöcken
64%
Markthalle/Landtag
63%
Sarstedt
63%
Sedanstraße/Lister Meile
62%
Ahlem
61%
Altwarmbüchen
61%
Anderten
61%
Braunschweiger Platz
61%
Marienstraße
61%
Schwarzer Bär
60%
Stadionbrücke
60%
Altwarmbüchen/Zentrum
59%
Fasanenkrug
59%
Rethen
59%
Roderbruch
58%
Alte Heide
57%
Altwarmbüchen/Opelstraße
57%
Herrenhäuser Gärten
57%
Schlägerstraße
57%
Döhrener Turm
56%
Sarstedt/Röntgenstraße
56%
Altwarmbüchen/Ernst-Grote-Straße
55%
Königsworther Platz
55%
Sarstedt/Am Boksberg
55%
Nordhafen
54%
Vier Grenzen
54%
Christuskirche
53%
Leibniz Universität
52%
Noltemeyerbrücke
52%
Pelikanstraße
52%
Rethen/Galgenbergweg
52%
Rethen/Steinfeld
52%
Haltenhoffstraße
51%
Peiner Straße
51%
Werderstraße
51%
Allerweg
50%
Geibelstraße
50%
Altenbekener Damm
49%
Dragonerstraße
47%
Bahnhof Linden/Fischerhof
46%
Wallensteinstraße
46%
Vahrenwalder Platz
45%
Medizinische Hochschule
43%
Clausewitzstraße
42%
Niedersachsenring
42%
Alter Flughafen
41%
Am Küchengarten
41%
Kopernikusstraße
41%
Goetheplatz
40%
Fiedelerstraße
39%
Glocksee
39%
Kantplatz
39%
Lortzingstraße
39%
Bothfeld
37%
Spannhagengarten
37%
Appelstraße
36%
In den Sieben Stücken
36%
Am Brabrinke
35%
Klingerstraße
35%
Schneiderberg/Wilhelm-Busch-Museum
35%
Gleidingen/Orpheusweg
34%
Gleidingen/Thorstraße
34%
Herrenhäuser Markt
34%
Mühlenberger Markt
34%
Paracelsusweg
34%
Bothmerstraße
33%
An der Strangriede
32%
Bahnhof Nordstadt
32%
Gleidingen/Am Leinkamp
32%
Kronsberg
32%
Bahnhof Leinhausen
31%
Nackenberg
31%
Büttnerstraße
30%
Leinaustraße
30%
Roderbruchmarkt
30%
Stadtfriedhof Stöcken
30%
Tiergarten
30%
Beekestraße
29%
Hannover Congress Centrum
29%
Kinderkrankenhaus auf der Bult
29%
Lindener Marktplatz
29%
Schaumburgstraße
29%
Freundallee
28%
Kabelkamp
28%
Schünemannplatz
28%
Wiehbergstraße
28%
Nieschlagstraße
27%
Stadtfriedhof Lahe
27%
Uhlhornstraße
27%
Wissenschaftspark Marienwerder
27%
Auf der Horst/Skorpiongasse
26%
Annastift
25%
Auf der Horst/Marshof
25%
Berliner Platz
25%
Misburger Straße
25%
Schierholzstraße
25%
Stadtfriedhof Seelhorst
25%
Stöckener Markt
25%
Wiesenau
25%
Bahnhof Karl-Wiechert-Allee
24%
Großer Hillen
24%
Humboldtstraße
24%
Ungerstraße
24%
Wunstorfer Straße
24%
Bothfelder Kirchweg
23%
Brabeckstraße
23%
Bünteweg/Tierärztliche Hochschule
23%
Tresckowstraße
23%
Am Mittelfelde
22%
Am Sauerwinkel
22%
Bauweg
22%
Oldenburger Allee
22%
Safariweg
22%
Stadtfriedhof Bothfeld
22%
Vahrenheider Markt
22%
Windausstraße
22%
Am Soltekampe
21%
Großer Kolonnenweg
21%
Heisede/Langer Kamp
21%
Reiterstadion
21%
Stockholmer Allee
21%
Am Lindener Hafen
20%
Bartold-Knaust-Straße
20%
Feldbuschwende
20%
Heisede/Marienburger Straße
20%
Kafkastraße
20%
Kerstingstraße
20%
Kurze-Kamp-Straße
20%
Pappelwiese
20%
Rethen Bahnhof
20%
Zuschlagstraße
20%
Bahnstrift
19%
Brunnenstraße
19%
Saarbrückener Straße
19%
Tempelhofweg
19%
Am Forstkamp
18%
August-Madsack-Straße
18%
Bleekstraße
18%
Fenskestraße
18%
Jädekamp
18%
Auf der Klappenburg
17%
Bernhard-Caspar-Straße
17%
Emslandstraße
17%
Freudenthalstraße
17%
Körtingsdorfer Weg
17%
Krügerskamp
17%
Mecklenheidestraße
17%
Pascalstraße
17%
Hainhölzer Markt
16%
Zehlendorfweg
16%
Harenberger Straße
15%
Hermann-Ehlers-Allee
15%
Königsberger Ring
15%
Lauckerthof
15%
Ostfeldstraße
15%
Schönebecker Allee
15%
Seelhorster Allee
14%
Ehrhartstraße
13%
Eichenfeldstraße
13%
Krepenstraße
13%
Papenwinkel
13%
Beneckeallee
12%
Friedenauer Straße
12%
Keine übereinstimmenden Quizze gefunden
Verteilung der Resultate
Anzahl Personen mit jedem Resultat
Perzentil nach korrekt beantworteten Fragen
Ihre Resultats-Entwicklung
Sie haben dieses Quiz seit der letzten Aktualisierung nicht gespielt